Obchodné družstvo časopis zamestnancov Družstva pre hospodárenie poľnohospodárskymi výrobkami Košického kraja

Bibliographic Details
Corporate Authors: Družstvo pre hospodárenie poľnohospodárskymi výrobkami (Bratislava) Krajská pobočka Košice (Publisher), WIKO (Košice) (tlač.), Tlačiarenské závody Pravda (Bratislava, Slovensko). Závod Košice
Other Authors: Dukát, Vojtech (Publishing director), Šrenkel, Jozef (Publishing director)
Format: Journal
Language:Slovak
Hungarian
PhysicalDescription:3 roč. 29 x 21 cm
Published: Košice ZS ROH Krajskej pobočky Družstva pre hospodárenie poľnohospodárskymi výrobkami 1949-1951
Subjects:

MARC

LEADER 00000nas a22000001a 4500
001 vtls010301829
003 SK-MaSNL
005 20260228161637.0
008 110810d19491951xo mr p r 0 b0slo
015 |a SNBDS17XX9999 
015 |a 0994  |2 Balúnová 1945-60 
038 |a SNKBUDS 
040 |a SNK  |b slo  |c SNK  |e AACR2 
041 0 |a slo  |a hun 
044 |a xo  |c SK 
080 |a 334.73  |2 2001 
245 0 0 |a Obchodné družstvo  |b časopis zamestnancov Družstva pre hospodárenie poľnohospodárskymi výrobkami Košického kraja 
260 |a Košice  |b ZS ROH Krajskej pobočky Družstva pre hospodárenie poľnohospodárskymi výrobkami  |c 1949-1951 
300 |a 3 roč.  |c 29 x 21 cm 
310 |a 1x mesačne 
362 0 |a Roč. I, č. 1 (október 1949)-roč. III, č. 6 (1951) 
500 |a Vych. v Košiciach mesačne 
500 |a Zodp. zást. Vojtech Dukát, od 5/II (máj 1950) Jozef Šrenkel 
500 |a Vyd. ZS ROH Krajskej pobočky Družstva pre hospodárenie poľnohospodárskymi výrobkami 
500 |a Tlač. Wiko, grafické umelecké závody, od 1-2/II Pravda v Košiciach 
500 |a Vych. od okt. 1949; podľa listu Poľnohospodárskeho, nákupného a zásobovacieho podniku, n. p. Košice zo 16. okt. 1963 (v archíve ŠVK). Pov. PIO č. 22511/49-III/2 z 20. sept. 1949. Posl. známe číslo 6/III (1951). Číslovanie bez dátumu 
505 8 0 |g Roč. I. 1949 12 č. 
505 8 0 |g Roč. II. 1950 12 č. 80 s. 
505 8 0 |g Roč. III. 1951 6 č. 40 s. 
546 |a Príspevky aj v maďarskom jazyku 
650 0 7 |a družstevníctvo  |2 SNKPH  |9 2134 
655 7 |a družstevné časopisy  |2 SNKBUDS  |9 268805 
700 1 |a Dukát, Vojtech  |4 pbd  |9 269150 
700 1 |a Šrenkel, Jozef  |4 pbd  |9 269151 
710 2 |a Družstvo pre hospodárenie poľnohospodárskymi výrobkami (Bratislava)  |b Krajská pobočka Košice  |e vydav.  |9 269152 
710 2 |a WIKO (Košice)  |e tlač.  |9 269153 
710 2 |a Tlačiarenské závody Pravda (Bratislava, Slovensko).  |b Závod Košice  |9 268771 
852 |a SNK  |b 10000  |h ČSB 553 
852 |a UKB  |b 300000  |h SC 1970 
852 |a UKB  |b 300000  |h XX C 860 
852 |a SVKKK  |b 900000  |h C 2959 
999 |c 5847  |d 7777